[Event "3rd Szeged Cup"]
[Site "Szeged"]
[Date "2006.09.16"]
[Round "8"]
[White "Schneider, Veronika"]
[Black "Madl, Ildiko"]
[Result "1/2-1/2"]
[WhiteElo "2195"]
[BlackElo "2379"]
[PlyCount "121"]
[EventDate "2006.??.??"]
[WhiteTeam "Ungarn"]
[BlackTeam "Ungarn"]
[WhiteTeamCountry "HUN"]
[BlackTeamCountry "HUN"]

1. e4 c5 2. c3 d5 3. exd5 Qxd5 4. d4 Nf6 5. Nf3 Bg4 6. dxc5 Qxd1+ 7. Kxd1 e5 8.
b4 e4 9. h3 Bh5 10. g4 Nxg4 11. hxg4 Bxg4 12. Nbd2 h5 13. Bb5+ Nc6 14. Kc2 exf3
15. Re1+ Be7 16. Nc4 Kf8 17. Bf4 g5 18. Bd6 Be6 19. Rad1 g4 20. Bxc6 bxc6 21.
Ne5 Bxd6 22. cxd6 h4 23. Rd4 Rg8 24. c4 Re8 25. Rf4 h3 26. Rg1 f5 27. Rgxg4
Rxg4 28. Nxg4 Bxc4 29. Rxf5+ Kg7 30. Rg5+ Kf8 31. Rf5+ Kg7 32. Rxf3 Rh8 33. Nh2
Bxa2 34. Ra3 Be6 35. Rxa7+ Kf6 36. Kd2 Rd8 37. Ke3 Rxd6 38. Rc7 Bd7 39. Ra7 Rd5
40. Rc7 Ke6 41. Nf3 Kd6 42. Rb7 Rd1 43. Kf4 Rd3 44. Nh2 Rb3 45. Rb6 Kc7 46. Ra6
Rxb4+ 47. Kg3 c5 48. Ra2 c4 49. f3 Bf5 50. Ng4 c3 51. Ne3 Rb2 52. Nd5+ Kd7 53.
Nxc3 h2 54. Ra7+ Ke6 55. Ra6+ Ke5 56. Rh6 Rd2 57. Rxh2 Rxh2 58. Kxh2 Kf4 59.
Kg2 Be6 60. Ne2+ Ke3 61. Nc3 1/2-1/2

[Event "3rd Szeged Cup"]
[Site "Szeged"]
[Date "2006.09.16"]
[Round "8"]
[White "Foisor, Sabina-Francesca"]
[Black "Foisor, Cristina Adela"]
[Result "1/2-1/2"]
[WhiteElo "2292"]
[BlackElo "2393"]
[PlyCount "20"]
[EventDate "2006.??.??"]
[WhiteTeam "Rumaenien"]
[BlackTeam "Rumaenien"]
[WhiteTeamCountry "ROM"]
[BlackTeamCountry "ROM"]

1. e4 e5 2. Nf3 Nf6 3. Nxe5 d6 4. Nf3 Nxe4 5. Qe2 Qe7 6. d3 Nf6 7. Nc3 Qxe2+ 8.
Bxe2 Be7 9. O-O O-O 10. Bg5 h6 1/2-1/2

[Event "3rd Szeged Cup"]
[Site "Szeged"]
[Date "2006.09.16"]
[Round "8"]
[White "Olarasu, Gabriella"]
[Black "Gara, Anita"]
[Result "0-1"]
[WhiteElo "2222"]
[BlackElo "2349"]
[PlyCount "136"]
[EventDate "2006.??.??"]
[WhiteTeam "Rumaenien"]
[BlackTeam "Ungarn"]
[WhiteTeamCountry "ROM"]
[BlackTeamCountry "HUN"]

1. c4 g6 2. d4 Nf6 3. Nc3 d5 4. cxd5 Nxd5 5. Bd2 Nb6 6. Nf3 Bg7 7. e3 O-O 8.
Be2 Nc6 9. O-O e5 10. dxe5 Nxe5 11. Nxe5 Bxe5 12. Qc2 Be6 13. Rad1 Qe7 14. b3
Rad8 15. Rc1 Bxh2+ 16. Kxh2 Qd6+ 17. g3 Qxd2 18. Qe4 Nd5 19. Nxd5 Bxd5 20. Qc2
Bc6 21. Rfd1 Qxc2 22. Rxc2 Rxd1 23. Bxd1 Rd8 24. Be2 Rd7 25. g4 Be4 26. Rb2 g5
27. Kg3 c5 28. f3 Bc6 29. Rc2 b6 30. Kf2 Kg7 31. e4 Kf6 32. Ke3 Rd4 33. Bd3 a5
34. a4 h6 35. Rh2 Kg7 36. Rc2 Kg6 37. Rc1 Bd7 38. Bc4 Be8 39. Rc2 f6 40. Rc1
Kg7 41. Rc2 h5 42. gxh5 Bxh5 43. Rc1 Bg6 44. Rg1 Be8 45. Bd5 Bf7 46. Bxf7 Kxf7
47. Rc1 Ke6 48. Rc2 Ke5 49. Rc1 Rb4 50. Rc3 g4 51. f4+ Ke6 52. Rd3 c4 53. f5+
Ke7 54. bxc4 Rxc4 55. Kf4 Rxa4 56. Rg3 b5 57. Rxg4 b4 58. Rg7+ Kd6 59. Rb7 Kc6
60. Rb8 Ra1 61. Rf8 b3 62. Rxf6+ Kc5 63. Ke5 b2 64. Rf8 b1=Q 65. Rc8+ Kb6 66.
Rb8+ Kc7 67. Rxb1 Rxb1 68. Ke6 a4 0-1

[Event "3rd Szeged Cup"]
[Site "Szeged"]
[Date "2006.09.16"]
[Round "8"]
[White "Vajda, Szidonia"]
[Black "Toth, Lili"]
[Result "1/2-1/2"]
[WhiteElo "2396"]
[BlackElo "2217"]
[PlyCount "91"]
[EventDate "2006.??.??"]
[WhiteTeam "Ungarn"]
[BlackTeam "Ungarn"]
[WhiteTeamCountry "HUN"]
[BlackTeamCountry "HUN"]

1. e4 e6 2. Qe2 Be7 3. g3 d5 4. Bg2 c5 5. Nf3 dxe4 6. Qxe4 Nf6 7. Qe2 Nc6 8.
O-O O-O 9. d3 Nd5 10. Nbd2 Nd4 11. Nxd4 cxd4 12. Nb3 Bf6 13. Bd2 a5 14. a4 Nb4
15. Bxb4 axb4 16. Nd2 Qc7 17. Nc4 Bd7 18. b3 Bc6 19. Bxc6 Qxc6 20. f4 Rfd8 21.
Qg2 Qc7 22. Rae1 Rd5 23. g4 Rad8 24. f5 Bh4 25. Re2 e5 26. g5 f6 27. g6 h6 28.
Qe4 Bg5 29. h4 Be3+ 30. Kg2 Rc5 31. Rf3 Bc1 32. Re1 Be3 33. Re2 Bc1 34. Kf1 Qc6
35. Qg4 Ra8 36. a5 Rxc4 37. bxc4 Rxa5 38. Qe4 Bb2 39. Re1 Bc3 40. Rb1 Rc5 41.
Qxc6 bxc6 42. Ke2 Kf8 43. Rff1 Ra5 44. Rb3 Ra2 45. Rc1 Ke7 46. h5 1/2-1/2

[Event "3rd Szeged Cup"]
[Site "Szeged"]
[Date "2006.09.16"]
[Round "8"]
[White "Pokorna, Regina"]
[Black "Rudolf, Anna"]
[Result "1/2-1/2"]
[WhiteElo "2342"]
[BlackElo "2249"]
[PlyCount "67"]
[EventDate "2006.??.??"]
[WhiteTeam "Slovakei"]
[BlackTeam "Ungarn"]
[WhiteTeamCountry "SVK"]
[BlackTeamCountry "HUN"]

1. e4 e6 2. d4 d5 3. e5 c5 4. c3 Nc6 5. Nf3 Bd7 6. Be2 f6 7. O-O fxe5 8. Nxe5
Nxe5 9. dxe5 Qc7 10. Re1 Ne7 11. Na3 a6 12. c4 d4 13. Nc2 Nf5 14. Bd3 Be7 15.
Bd2 O-O 16. Qg4 Rf7 17. Re2 Bc6 18. Rf1 Rd8 19. Ne1 b5 20. b3 Qb7 21. Qh3 Nh4
22. f4 g6 23. Qg4 Kg7 24. Ref2 Nf5 25. Qh3 Nh4 26. Qg4 Nf5 27. Qh3 Nh4 28. Ba5
Rdf8 29. Bd2 Rd8 30. Ba5 Rb8 31. Bd2 Rd8 32. Ba5 Rb8 33. Bd2 Rd8 34. Ba5
1/2-1/2

[Event "3rd Szeged Cup"]
[Site "Szeged"]
[Date "2006.09.16"]
[Round "8"]
[White "Ruszin, Anna"]
[Black "Medvegyne Balogh, Emese"]
[Result "1/2-1/2"]
[WhiteElo "2091"]
[BlackElo "2145"]
[PlyCount "132"]
[EventDate "2006.??.??"]
[WhiteTeam "Ungarn"]
[BlackTeam "Ungarn"]
[WhiteTeamCountry "HUN"]
[BlackTeamCountry "HUN"]

1. e4 c5 2. Nf3 Nc6 3. d4 cxd4 4. Nxd4 Nf6 5. Nc3 e5 6. Ndb5 d6 7. Bg5 a6 8.
Na3 b5 9. Nd5 Be7 10. Bxf6 Bxf6 11. c4 b4 12. Nc2 a5 13. Be2 Bg5 14. Qd3 O-O
15. Bf3 Be6 16. O-O Rc8 17. b3 g6 18. Rfd1 f5 19. a3 bxa3 20. Rxa3 Rf7 21. Ra4
Rb7 22. h3 Kh8 23. Rb1 Qd7 24. Nc3 Rf8 25. Nb5 Be7 26. Raa1 g5 27. exf5 Bxf5
28. Be4 Bxe4 29. Qxe4 Rf4 30. Qd5 g4 31. g3 Rf8 32. hxg4 Nd8 33. Ne3 Ne6 34.
Nf5 Ng5 35. Kg2 e4 36. Nbxd6 Bxd6 37. Nxd6 Qxg4 38. Qd4+ Rg7 39. Rh1 Qf3+ 40.
Kg1 Qxb3 41. Qe3 Qb4 42. Nxe4 Nf3+ 43. Kg2 Qxc4 44. Rxa5 Qc6 45. Rh6 Qb7 46.
Qc5 Qe7 47. Qd5 Ne1+ 48. Kf1 Nc2 49. Qd3 Qb4 50. Rb5 Qe1+ 51. Kg2 Qc1 52. Qd2
Qxd2 53. Nxd2 Rgf7 54. Ne4 Ne1+ 55. Kf1 Nd3 56. f4 Rc7 57. Ng5 Re7 58. Kg2 Re2+
59. Kf3 Re7 60. Rd6 Ne5+ 61. Kg2 Ng4 62. f5 Ne3+ 63. Kh3 Nxf5 64. Re6 Ra7 65.
Ree5 Nd4 66. Rb4 Nc6 1/2-1/2

[Event "3rd Szeged Cup"]
[Site "Szeged"]
[Date "2006.09.16"]
[Round "8"]
[White "Szonyi, Kata"]
[Black "Albert, Kornelia"]
[Result "0-1"]
[WhiteElo "2100"]
[BlackElo "2120"]
[PlyCount "74"]
[EventDate "2006.??.??"]
[WhiteTeam "Ungarn"]
[BlackTeam "Ungarn"]
[WhiteTeamCountry "HUN"]
[BlackTeamCountry "HUN"]

1. e4 c5 2. Nf3 Nc6 3. d4 cxd4 4. Nxd4 Qc7 5. c4 Nf6 6. f3 e6 7. Nb5 Qb8 8. Be3
a6 9. N5c3 d6 10. Na4 Nd7 11. Nbc3 b6 12. Be2 Be7 13. O-O O-O 14. f4 Nc5 15. f5
Ne5 16. b4 Nxa4 17. Nxa4 Bd8 18. c5 dxc5 19. bxc5 b5 20. Nb6 Bxb6 21. cxb6 Nc4
22. Bxc4 bxc4 23. f6 g6 24. Bc5 Re8 25. Qd4 Bb7 26. Bd6 Qd8 27. Rad1 Kh8 28.
Qe3 Qc8 29. Bc7 e5 30. Qh6 Rg8 31. Qh4 Qe8 32. Rf3 g5 33. Qg4 Qc6 34. Rc3 Qc5+
35. Kf1 Rae8 36. Qd7 Bxe4 37. Qxf7 Ref8 0-1

[Event "3rd Szeged Cup"]
[Site "Szeged"]
[Date "2006.09.16"]
[Round "8"]
[White "Baki, Peterne"]
[Black "Harsanyi, Kinga"]
[Result "1/2-1/2"]
[WhiteElo "2110"]
[BlackElo "2087"]
[PlyCount "49"]
[EventDate "2006.??.??"]
[WhiteTeam "Ungarn"]
[BlackTeam "Ungarn"]
[WhiteTeamCountry "HUN"]
[BlackTeamCountry "HUN"]

1. e4 c5 2. d4 cxd4 3. c3 dxc3 4. Nxc3 Nc6 5. Nf3 d6 6. Bc4 e6 7. O-O Nf6 8.
Qe2 a6 9. a4 Be7 10. Rd1 Qc7 11. h3 O-O 12. Be3 Bd7 13. Rac1 Qa5 14. Bg5 Ne8
15. Bxe7 Nxe7 16. b3 Bc6 17. Qb2 Qh5 18. b4 d5 19. exd5 Nxd5 20. Bxd5 Bxd5 21.
Nxd5 exd5 22. Rc5 Nf6 23. Rc7 b5 24. a5 Qf5 25. Rdc1 1/2-1/2

[Event "3rd Szeged Cup"]
[Site "Szeged"]
[Date "2006.09.16"]
[Round "8"]
[White "Kozma, Edit"]
[Black "Medvegy, Judit"]
[Result "0-1"]
[WhiteElo "2086"]
[BlackElo "2032"]
[PlyCount "88"]
[EventDate "2006.09.16"]
[SourceDate "2006.09.16"]
[WhiteTeam "Ungarn"]
[BlackTeam "Ungarn"]

1. e4 c6 2. d4 d5 3. e5 Bf5 4. Nc3 e6 5. g4 Bg6 6. Nge2 Qh4 7. Nf4 Bb4 8. Nxg6
hxg6 9. Bg2 c5 10. a3 cxd4 11. axb4 dxc3 12. bxc3 Nd7 13. Bf4 Nb6 14. Bg3 Qd8
15. Bf1 Ne7 16. Bb5+ Kf8 17. f4 a6 18. Bd3 Rc8 19. f5 gxf5 20. gxf5 exf5 21.
O-O g6 22. Qe1 Qd7 23. Bh4 Nc4 24. Bf6 Rh7 25. Rf4 Ng8 26. Rh4 Rxh4 27. Qxh4
Qe6 28. Qh8 f4 29. Kf2 Nd2 30. Qg7+ Ke8 31. Qxg8+ Kd7 32. Qh7 Qb6+ 33. Ke1 Qe3+
34. Kd1 Rf8 35. Bxg6 Nf3 36. Qh3+ Kc7 37. Qxf3 Qxf3+ 38. Kc1 fxg6 39. Kb2 Qg2
40. Be7 Re8 41. Bd6+ Kc6 42. Ra5 f3 43. Rc5+ Kd7 44. Rc7+ Ke6 0-1

[Event "3rd Szeged Cup"]
[Site "Szeged"]
[Date "2006.09.16"]
[Round "8"]
[White "Miseta, Zsuzsanna"]
[Black "Kiss, Judit"]
[Result "0-1"]
[WhiteElo "1655"]
[BlackElo "2118"]
[PlyCount "80"]
[EventDate "2006.09.16"]
[SourceDate "2006.09.16"]
[WhiteTeam "Ungarn"]
[BlackTeam "Ungarn"]

1. e4 e6 2. d4 d5 3. e5 b6 4. Be3 Qd7 5. Bd3 Ba6 6. Qe2 Bxd3 7. Qxd3 Ne7 8. Nf3
Nf5 9. Bd2 h5 10. Nc3 c5 11. dxc5 bxc5 12. Qb5 Nc6 13. Qe2 Rb8 14. b3 Nb4 15.
Qd1 Be7 16. h3 Nd4 17. Rc1 Qc7 18. Bf4 g5 19. Bh2 Nf5 20. Qd2 g4 21. Ng5 g3 22.
fxg3 Bxg5 23. Qxg5 Qxe5+ 24. Ne2 Qe4 25. Kf2 Rc8 26. Rhe1 Nxc2 27. Rg1 d4 28.
Qd2 Nfe3 29. Nf4 e5 30. Qd3 Qxd3 31. Nxd3 e4 32. Ne5 Rh6 33. g4 Rf6+ 34. Kg3
Ke7 35. Rh1 Rh8 36. Bg1 h4+ 37. Kh2 Nf1+ 38. Rxf1 Rxf1 39. g3 e3 40. Bxe3 hxg3+
0-1

[Event "3rd Szeged Cup"]
[Site "Szeged"]
[Date "2006.09.16"]
[Round "8"]
[White "Barcsi, Jdit"]
[Black "Tanacs, Anna"]
[Result "1-0"]
[WhiteElo "2051"]
[BlackElo "1890"]
[PlyCount "51"]
[EventDate "2006.09.16"]
[SourceDate "2006.09.16"]
[WhiteTeam "Ungarn"]
[BlackTeam "Ungarn"]

1. e4 c6 2. d4 d5 3. f3 dxe4 4. fxe4 e5 5. Nf3 exd4 6. Bc4 Be6 7. Bxe6 fxe6 8.
O-O Be7 9. Nxd4 Nf6 10. Nxe6 Qxd1 11. Rxd1 Na6 12. Nc3 Kf7 13. Ng5+ Kg6 14. h3
Nb4 15. Nf3 Bc5+ 16. Kh2 Rhe8 17. e5 Nfd5 18. Nxd5 Nxd5 19. c4 Ne3 20. Bxe3
Bxe3 21. Re1 Bb6 22. Re4 Rad8 23. e6 a6 24. Rf1 Rd6 25. e7 Rd7 26. Ne5+ 1-0

[Event "3rd Szeged Cup"]
[Site "Szeged"]
[Date "2006.09.16"]
[Round "8"]
[White "Bea, Boglarka"]
[Black "Erdos, Boglarka"]
[Result "0-1"]
[WhiteElo "1669"]
[BlackElo "2044"]
[PlyCount "44"]
[EventDate "2006.09.16"]
[SourceDate "2006.09.16"]
[WhiteTeam "Ungarn"]
[BlackTeam "Ungarn"]

1. e4 e6 2. d4 d5 3. Nd2 c5 4. c3 cxd4 5. cxd4 dxe4 6. Nxe4 Nc6 7. Nf3 Be7 8.
Bb5 Nf6 9. Bxc6+ bxc6 10. Qa4 Qb6 11. Nxf6+ Bxf6 12. Bg5 Bxg5 13. Nxg5 Ba6 14.
b3 O-O 15. Rc1 Rac8 16. Ne4 Rfd8 17. Nc5 Bb5 18. Qb4 a5 19. Qd2 e5 20. a4 Rxd4
21. Qg5 Ba6 22. Qxe5 Qb4+ 0-1

[Event "3rd Szeged Cup"]
[Site "Szeged"]
[Date "2006.09.16"]
[Round "8"]
[White "Bali, Eszter"]
[Black "Papp, Petra"]
[Result "0-1"]
[WhiteElo "1958"]
[BlackElo "1791"]
[PlyCount "70"]
[EventDate "2006.09.16"]
[SourceDate "2006.09.16"]
[WhiteTeam "Ungarn"]
[BlackTeam "Ungarn"]

1. e4 c5 2. Nf3 Nc6 3. d4 cxd4 4. Nxd4 Nf6 5. Nc3 e5 6. Ndb5 d6 7. Bg5 a6 8.
Na3 b5 9. Nd5 Be7 10. Bxf6 Bxf6 11. c3 Bg5 12. Nc2 Rb8 13. Be2 O-O 14. Bg4 Bb7
15. O-O g6 16. Qd3 Ne7 17. Nxe7+ Qxe7 18. Rfd1 Rbd8 19. Nb4 Kh8 20. a4 f5 21.
Bf3 d5 22. exd5 e4 23. Bxe4 fxe4 24. Qe2 Qc5 25. Rd4 Bxd5 26. Nxa6 Qb6 27. axb5
Bb7 28. Rad1 Rxd4 29. Rxd4 Rd8 30. Rxd8+ Qxd8 31. Nc5 Ba8 32. h3 Qd5 33. b4 e3
34. Qf3 Qxf3 35. gxf3 e2 0-1